Statistics for Roddy Ricch Charting Songs (Billboard Hot 100)

Click here to take the quiz!

General Stats

  • This quiz has been taken 125 times
    (6 since last reset)
  • The average score is 17 of 20

Answer Stats

AlbumWeeks OnPeakArtist(s)Song% Correct
Blame It on Baby42 Weeks#1 (7 Weeks)DaBaby ft. Roddy RicchROCKSTAR
100%
Top Shotta20 Weeks#38NLE Choppa ft. Roddy RicchWalk Em Down
100%
Please Excuse Me for Being Antisocial7 Weeks#73Roddy Ricch ft. A Boogie wit da HoodieTip Toe
100%
Please Excuse Me for Being Antisocial4 Weeks#72Roddy Ricch ft. Meek MillPeta
100%
Please Excuse Me for Being Antisocial13 Weeks#56Roddy Ricch & GunnaStart Wit Me
100%
Please Excuse Me for Being Antisocial38 Weeks#1 (11 Weeks)Roddy RicchThe Box
100%
WUNNA3 Weeks#41Gunna ft. Roddy RicchCooler Than a Bitch
100%
Feed Tha Streets II2 Weeks#99Roddy RicchDie Young
100%
Please Excuse Me for Being Antisocial28 Weeks#20Roddy Ricch ft. MustardHigh Fashion
100%
Shoot for the Stars, Aim for the Moon20 Weeks#11Pop Smoke ft. 50 Cent & Roddy RicchThe Woo
100%
Perfect Ten44 Weeks#11Mustard ft. Roddy RicchBallin'
100%
Victory Lap11 Weeks#26Nipsey Hussle ft. Roddy Ricch & Hit-BoyRacks in the Middle
80%
Artist 2.03 Weeks#23A Boogie wit da Hoodie ft. Roddy Ricch, Gunna & London on da TrackNumbers
80%
Non-Album Single20 Weeks#20Roddy RicchLate at Night
80%
Free Dem Boyz14 Weeks#6742 Dugg & Roddy Ricch4 Da Gang
80%
Please Excuse Me for Being Antisocial1 Week#98Roddy RicchBig Stepper
80%
Donda1 Week#52Kanye West ft. Roddy Ricch & ShenseeaPure Souls
80%
Non-Album Single2 Weeks#73Meek Mill ft. Roddy RicchLetter to Nipsey
60%
Championships1 Week#77Meek Mill ft. Future, Roddy Ricch & Young ThugSplash Warning
40%
Khaled Khaled1 Week#79DJ Khaled ft. Bryson Tiller, Lil Baby & Roddy RicchBody in Motion
20%

Score Distribution

Percentile by Number Answered

Percent of People with Each Score

Your Score History

You have not taken this quiz since the last reset